00912cam a22002537a 4500003000500000005001700005008004100022010001000063011001000073020001500083035001000098040000900108100002600117245014800143260014000291300001000431410001900441490003700460650002600497650004500523650003400568810001900602830003700621CHAP20230531062625.0000906d mx r 00110 spa d a82174 a83146 a9688842702 a93656 cCHAP00aRechy Montiel, Mario.10aTodo en México es Chiapas :bo de cómo y por qué una insurrección campesina puso en crisis al estado nacionalc/por Mario Rechy Montiel aChapingo, Méx. :bCentro de Investigaciones Económicas, Sociales y Tecnológicas de la Agroindustria y Agricultura Mundial,c1994. a47 p. aUACH. CIESTAAM 0aReporte de investigaciónv; 2214aCampesinadoxChiapas.14aIndios de ChiapasxCondiciones sociales.14aSociología ruralxMéxico.0 aUACh. CIESTAAM0 aReporte de investigaciónv; 22